La palabra como cuerpo del delito / (Registro nro. 7649)

Detalles MARC
000 -LEADER
fixed length control field 01324nam a2200385 a 4500
001 - CONTROL NUMBER
control field 000010611
003 - CONTROL NUMBER IDENTIFIER
control field DO-SdBNP
005 - DATE AND TIME OF LATEST TRANSACTION
control field 20170927110129.0
007 - PHYSICAL DESCRIPTION FIXED FIELD--GENERAL INFORMATION
fixed length control field 000010611
008 - FIXED-LENGTH DATA ELEMENTS--GENERAL INFORMATION
fixed length control field 091008s2001 dr 000 0 spa d
020 ## - INTERNATIONAL STANDARD BOOK NUMBER
International Standard Book Number 9993431117
040 ## - CATALOGING SOURCE
Original cataloging agency BPMSU
Language of cataloging spa
Transcribing agency BPMSU
041 0# - LANGUAGE CODE
Language code of text/sound track or separate title spa
--
049 ## - LOCAL HOLDINGS (OCLC)
Holding library
082 ## - DEWEY DECIMAL CLASSIFICATION NUMBER
Classification number 861.44
Item number P153c
092 ## - LOCALLY ASSIGNED DEWEY CALL NUMBER (OCLC)
Classification number
245 13 - TITLE STATEMENT
Title La palabra como cuerpo del delito /
Statement of responsibility, etc. Dió-genes Abreú y Dagoberto López-Coño, editores
260 ## - PUBLICATION, DISTRIBUTION, ETC. (IMPRINT)
Place of publication, distribution, etc. Santo Domingo :
Name of publisher, distributor, etc. Secretaría de Estado de Cultura ;
-- Biblioteca Nacional Dr. Pedro Henriquez Ureña,
Date of publication, distribution, etc. 2001.
300 ## - PHYSICAL DESCRIPTION
Extent 235 p. ;
Dimensions 23 cm.
490 1# - SERIES STATEMENT
Series statement Biblioteca Nacional ¨Dr. Pedro Henríquez Ureña¨ ;
Volume/sequential designation 5
490 1# - SERIES STATEMENT
Series statement Poesía ;
Volume/sequential designation 3
504 ## - BIBLIOGRAPHY, ETC. NOTE
Bibliography, etc Incluye bibliografías (p. 234-235).
546 ## - LANGUAGE NOTE
Language note Poemas en español y en inglés
650 #4 - SUBJECT ADDED ENTRY--TOPICAL TERM
Topical term or geographic name as entry element POESÍAS DOMINICANA
General subdivision COLECCIONES
650 #4 - SUBJECT ADDED ENTRY--TOPICAL TERM
Topical term or geographic name as entry element LITERATURA DOMINICANA
650 #4 - SUBJECT ADDED ENTRY--TOPICAL TERM
Topical term or geographic name as entry element AUTORES DOMINICANOS
Form subdivision BIOGRAFÍAS
651 ## - SUBJECT ADDED ENTRY--GEOGRAPHIC NAME
Geographic name REPÚBLICA DOMINICANA
General subdivision ANTOLOGÍAS LITERARIAS
700 1# - ADDED ENTRY--PERSONAL NAME
Personal name López-Coño, Dagoberto
830 #0 - SERIES ADDED ENTRY--UNIFORM TITLE
Uniform title Biblioteca Nacional ¨Dr. Pedro Henríquez Ureña¨;
Volume number/sequential designation 5
830 #0 - SERIES ADDED ENTRY--UNIFORM TITLE
Uniform title Poesía ;
Volume number/sequential designation 3
942 ## - ADDED ENTRY ELEMENTS (KOHA)
Source of classification or shelving scheme Dewey Decimal Classification
Koha item type Libros
945 ## - LOCAL PROCESSING INFORMATION (OCLC)
a Inventariado / 2017 VM
956 ## - LOCAL ELECTRONIC LOCATION AND ACCESS (OCLC)
Host name Validado. Control de calidad MFF
956 ## - LOCAL ELECTRONIC LOCATION AND ACCESS (OCLC)
Host name VMATEO
Access number 10
Compression information 20160408
Path BPMSU
Electronic name 0061
Existencias
Withdrawn status Lost status Source of classification or shelving scheme Damaged status Not for loan Collection code Home library Current library Date acquired Source of acquisition Total Checkouts Full call number Barcode Date last seen Price effective from Koha item type Copy number
    Dewey Decimal Classification     Colección Dominicana Biblioteca Pública Metropolitana Salomé Ureña Biblioteca Pública Metropolitana Salomé Ureña 04/15/2015 Biblioteca Nacional Pedro Henríquez Ureña   RD861.44 P153c BPMSU15041236 04/15/2015 04/15/2015 Libros  
    Dewey Decimal Classification     Colección Dominicana Biblioteca Pública Metropolitana Salomé Ureña Biblioteca Pública Metropolitana Salomé Ureña 04/15/2015 Biblioteca Nacional Pedro Henríquez Ureña   RD861.44 P153c BPMSU15041237 04/15/2015 04/15/2015 Libros e. 2
    Dewey Decimal Classification     Colección Dominicana Biblioteca Pública Metropolitana Salomé Ureña Biblioteca Pública Metropolitana Salomé Ureña 04/15/2015 Biblioteca Nacional Pedro Henríquez Ureña   RD861.44 P153c BPMSU15041238 04/15/2015 04/15/2015 Libros e. 3